Language Quiz

Random Language or French Quiz

French irregular past participles Quiz Stats

Quiz not verified by Sporcle

Challenge
Share
Tweet
Embed
Score 0/10 Timer 05:00
0 Plays Today
verb past participle % Correct
boirebu
97.1%
avoireu
96.7%
etreete
91.4%
devoirdu
91.2%
fairefait
90.7%
lirelu
90.5%
voirvu
85.2%
pleuvoirplu
83.7%
prendrepris
82.6%
recevoirrecu
79.5%

You're not logged in!

Compare scores with friends on all Sporcle quizzes.
Join for Free
OR
Log In

You Might Also Like...

Show Comments

Extras

Top Quizzes Today


Score Distribution

Your Account Isn't Verified!

In order to create a playlist on Sporcle, you need to verify the email address you used during registration. Go to your Sporcle Settings to finish the process.

Report this User

Report this user for behavior that violates our Community Guidelines.

Details: